书目信息 |
| 题名: |
天下决斗
|
|
| 作者: | 胡元斌 , 严锴 主编 | |
| 分册: | ||
| 出版信息: | 北京 台海出版社 2014 |
|
| 页数: | 199页 | |
| 开本: | 23cm | |
| 丛书名: | ||
| 单 册: | ||
| 中图分类: | E195.2 | |
| 科图分类: | ||
| 主题词: | 第二次世界大战--非洲--史料 | |
| 电子资源: | ||
| ISBN: | 978-7-5168-0244-1 | |
| 000 | 01039nam0 2200277 45 | |
| 001 | 012001003573 | |
| 005 | 20140926114741.0 | |
| 010 | @a978-7-5168-0244-1@dCNY48.00 | |
| 100 | @a20140919d2014 em y0chiy50 ea | |
| 101 | 0 | @achi |
| 102 | @aCN@b110000 | |
| 105 | @aa z 000yy | |
| 106 | @ar | |
| 200 | 1 | @a天下决斗@9tian xia jue dou@e第二次世界大战非洲与地中海战事@f胡元斌,严锴主编 |
| 210 | @a北京@c台海出版社@d2014 | |
| 215 | @a199页@c图@d23cm | |
| 300 | @a第二次世界大战纵横录 | |
| 330 | @a本书非洲战事部分包括非洲初始战役、撒哈拉奔袭、阿拉曼之战、突尼斯战役、北非护航战役;地中海战事部分包括克里特岛厮拼、摧毁细菌基地、反击意大利、营救墨索里尼、浴血安齐奥。 | |
| 517 | 1 | @a第二次世界大战非洲与地中海战事@9di er ci shi jie da zhan fei zhou yu di zhong hai zhan shi |
| 606 | 0 | @a第二次世界大战@y非洲@j史料 |
| 607 | @a地中海@x第二次世界大战@j史料 | |
| 690 | @aE195.2@v5 | |
| 701 | 0 | @a胡元斌@9hu yuan bin@4主编 |
| 701 | 0 | @a严锴@9yan kai@4主编 |
| 801 | 0 | @aCN@b上海新华@c20180901 |
| 905 | @b1163138-42@dE195.2@e102@f5 | |
| 天下决斗:第二次世界大战非洲与地中海战事/胡元斌,严锴主编.-北京:台海出版社,2014 |
| 199页:图;23cm |
| 第二次世界大战纵横录 |
| ISBN 978-7-5168-0244-1:CNY48.00 |
| 本书非洲战事部分包括非洲初始战役、撒哈拉奔袭、阿拉曼之战、突尼斯战役、北非护航战役;地中海战事部分包括克里特岛厮拼、摧毁细菌基地、反击意大利、营救墨索里尼、浴血安齐奥。 |
| ● |
| 相关链接 |
|
|
|
|
正题名:天下决斗
索取号:E195.2/102
 
预约/预借
| 序号 | 登录号 | 条形码 | 馆藏地/架位号 | 状态 | 备注 |
| 1 | 1163138 | 211631386 | 第一样本阅览室/ [索取号:E195.2/102] | 在馆 | |
| 2 | 1163139 | 211631395 | 第一借阅区/ [索取号:E195.2/102] | 在馆 | |
| 3 | 1163140 | 211631402 | 第一借阅区/ [索取号:E195.2/102] | 在馆 | |
| 4 | 1163141 | 211631411 | 密集书库-资源管理系/ [索取号:E195.2/102] | 在馆 | |
| 5 | 1163142 | 211631420 | 第一借阅区/ [索取号:E195.2/102] | 在馆 |